[Event "Titled Tuesday intern op 11th Mar Early"]
[Site "Chess.com INT"]
[Date "2025.03.11"]
[Round "6"]
[White "Kovacs, Reka"]
[Black "Tarnowska, Aleksandra"]
[Result "0-1"]
[WhiteElo "1972"]
[BlackElo "1882"]
[PlyCount "56"]
[EventDate "2025.03.11"]
[EventType "swiss (blitz)"]
[EventRounds "11"]
[EventCountry "USA"]
[SourceTitle "CB12_2025"]
[SourceDate "2025.03.19"]
[SourceVersion "1"]
[SourceVersionDate "2025.03.19"]
[SourceQuality "1"]

1. e4 c5 2. Nf3 e6 3. d4 cxd4 4. Nxd4 a6 5. Nc3 Qc7 6. Be2 b5 7. a3 Bb7 8. 0-0 Nf6 9. Bd3 Nc6 10. Be3 Be7 11. Kh1 h5 12. f4 Ng4 13. Bg1 g5 14. Be2 gxf4 15. Bxg4 hxg4 16. Qxg4 0-0-0 17. Nce2 Rdg8 18. Qf3 f5 19. Qxf4 Bd6 20. Qd2 Bxh2 21. Be3 Nxd4 22. Nxd4 Bxe4 23. Nf3 Bg3+ 24. Kg1 d5 25. Ng5 Rxg5 26. Bxg5 Qh7 27. Bh6 Qxh6 28. Qxh6 Rxh6 0-1

[Event "Wch U16 Girls blitz"]
[Site "Terme Catez"]
[Date "2024.12.16"]
[Round "6"]
[White "Kovacs, Reka"]
[Black "Karas, Eugenia"]
[Result "0-1"]
[WhiteElo "1822"]
[BlackElo "1818"]
[PlyCount "76"]
[EventDate "2024.12.16"]
[EventType "swiss (blitz)"]
[EventRounds "22"]
[EventCountry "SLO"]
[SourceTitle "CB51_2024"]
[SourceDate "2024.12.18"]
[SourceVersion "1"]
[SourceVersionDate "2024.12.18"]
[SourceQuality "1"]

1. e4 c5 2. Nf3 d6 3. d4 cxd4 4. Qxd4 a6 5. c4 Bg4 6. Be2 Nc6 7. Qe3 g6 8. h3 Bxf3 9. Bxf3 e5 10. 0-0 Bg7 11. Nc3 Nge7 12. a3 0-0 13. Rd1 Nd4 14. Rb1 Kh8 15. Ne2 Nec6 16. Bd2 f5 17. Bc3 Nxf3+ 18. Qxf3 Qf6 19. Ng3 f4 20. Ne2 g5 21. b4 Rac8 22. b5 Ne7 23. Bb4 Rfd8 24. Rbc1 Ng6 25. bxa6 bxa6 26. c5 Nh4 27. Qg4 f3 28. gxf3 Nxf3+ 29. Kg2 Nh4+ 30. Kg1 Rf8 31. Rf1 dxc5 32. Bxc5 Rfd8 33. Be3 Rxc1 34. Rxc1 h6 35. Rc8 Rxc8 36. Qxc8+ Kh7 37. Ng3 Qf3 38. Kf1 Qd1# 0-1

[Event "Wch U16 Girls blitz"]
[Site "Terme Catez"]
[Date "2024.12.16"]
[Round "20"]
[White "Kovacs, Reka"]
[Black "Maria, Lia Alexandra"]
[Result "1-0"]
[WhiteElo "1822"]
[BlackElo "1852"]
[PlyCount "71"]
[EventDate "2024.12.16"]
[EventType "swiss (blitz)"]
[EventRounds "22"]
[EventCountry "SLO"]
[SourceTitle "CB51_2024"]
[SourceDate "2024.12.18"]
[SourceVersion "1"]
[SourceVersionDate "2024.12.18"]
[SourceQuality "1"]

1. e4 c5 2. Nf3 d6 3. d4 cxd4 4. Qxd4 Nf6 5. Nc3 Nc6 6. Bb5 Bd7 7. Bxc6 Bxc6 8. Bg5 e6 9. 0-0-0 Be7 10. Qd3 0-0 11. Nd4 Bd7 12. f4 a6 13. e5 dxe5 14. fxe5 Ng4 15. Bxe7 Qxe7 16. Qe2 Qg5+ 17. Kb1 Rfd8 18. Nf3 Qh5 19. h3 Nh6 20. g4 Qg6 21. Rhf1 b5 22. Ne4 Bc6 23. Nd6 Bd5 24. Nh4 Qg5 25. Qf2 Rf8 26. Nf3 Qe7 27. Qe3 f6 28. Ne4 f5 29. Nd6 fxg4 30. hxg4 Nxg4 31. Qd4 Bxf3 32. Rxf3 Rxf3 33. Qe4 Raf8 34. Qxg4 Rf1 35. b3 Qf7 36. Nxf7 1-0

[Event "Wch U16 Girls blitz"]
[Site "Terme Catez"]
[Date "2024.12.16"]
[Round "12"]
[White "Kovacs, Reka"]
[Black "Novomeska, Karin"]
[Result "0-1"]
[WhiteElo "1822"]
[BlackElo "1830"]
[PlyCount "128"]
[EventDate "2024.12.16"]
[EventType "swiss (blitz)"]
[EventRounds "22"]
[EventCountry "SLO"]
[SourceTitle "CB51_2024"]
[SourceDate "2024.12.18"]
[SourceVersion "1"]
[SourceVersionDate "2024.12.18"]
[SourceQuality "1"]

1. e4 c6 2. d4 d5 3. e5 Bf5 4. h4 Qb6 5. Bd3 Qxd4 6. Bxf5 Qxe5+ 7. Ne2 Qxf5 8. Nbc3 Nf6 9. Bg5 Ne4 10. Nxe4 Qxe4 11. f3 Qe5 12. c3 e6 13. Qb3 Qc7 14. 0-0-0 Bd6 15. c4 Nd7 16. cxd5 cxd5+ 17. Kb1 0-0 18. h5 h6 19. Be3 Bc5 20. Bf4 Bd6 21. Rc1 Qb8 22. Be3 b6 23. g4 Nc5 24. Qc3 Be5 25. Qd2 d4 26. Bxd4 Bxd4 27. Qxd4 Rd8 28. Qc4 Qe5 29. Nc3 Rac8 30. f4 Qd4 31. Qxd4 Rxd4 32. Rcf1 Ne4 33. Nxe4 Rxe4 34. Rc1 Rxc1+ 35. Rxc1 Rxf4 36. Rc8+ Kh7 37. Rc7 Rxg4 38. Rxa7 f5 39. Re7 Re4 40. b3 f4 41. a4 f3 42. Rf7 Re3 43. Kc2 e5 44. b4 e4 45. Kb2 Re2+ 46. Kb3 Rd2 47. a5 bxa5 48. bxa5 Rd6 49. Rf4 Rd5 50. Rxe4 Rxa5 51. Rh4 Rf5 52. Rh1 f2 53. Rf1 Rxh5 54. Rxf2 Re5 55. Kc3 g5 56. Kd4 Re7 57. Rf6 Kg7 58. Rf1 Kg6 59. Kd3 h5 60. Rf2 g4 61. Kd2 Kg5 62. Rf8 h4 63. Rg8+ Kf4 64. Rf8+ Kg3 0-1

[Event "Wch U16 Girls blitz"]
[Site "Terme Catez"]
[Date "2024.12.16"]
[Round "17"]
[White "Kurmanalina, Deniza"]
[Black "Kovacs, Reka"]
[Result "0-1"]
[WhiteElo "1698"]
[BlackElo "1822"]
[PlyCount "172"]
[EventDate "2024.12.16"]
[EventType "swiss (blitz)"]
[EventRounds "22"]
[EventCountry "SLO"]
[SourceTitle "CB51_2024"]
[SourceDate "2024.12.18"]
[SourceVersion "1"]
[SourceVersionDate "2024.12.18"]
[SourceQuality "1"]

1. e4 e5 2. Nf3 Nc6 3. Bc4 Nf6 4. d3 h6 5. c3 d6 6. 0-0 g5 7. h3 g4 8. hxg4 Bxg4 9. Qb3 Na5 10. Qa4+ c6 11. Qd1 Nxc4 12. dxc4 Nxe4 13. Qd3 Nc5 14. Qe3 Qe7 15. Nh2 Bf5 16. Nd2 h5 17. Nb3 Nd3 18. Rd1 Bh6 19. Qe2 Nxc1 20. Nxc1 0-0-0 21. Nb3 h4 22. Qf3 Be6 23. Na5 Bf4 24. b4 Rhg8 25. Re1 Bxh2+ 26. Kxh2 Bg4 27. Qd3 h3 28. g3 Qd7 29. b5 Bf5 30. Qe3 c5 31. Qf3 e4 32. Qf4 Rde8 33. Rad1 Re6 34. Re2 Bg4 35. Red2 Bxd1 36. Rxd1 Rd8 37. Nb3 Qe7 38. Re1 Qf6 39. Qg4 Qxc3 40. Rxe4 Rde8 41. Rf4 Qc2 42. Qg7 Qg6 43. Qxf7 Qxf7 44. Rxf7 R6e7 45. Rf6 Kc7 46. Kxh3 Rh8+ 47. Kg2 Rhe8 48. Nd2 Re2 49. Nf3 R8e7 50. Ng5 Rxa2 51. Ne6+ Kd7 52. Nf8+ Kc7 53. Ne6+ Kd7 54. Nf8+ Ke8 55. Ng6 Ree2 56. Rf8+ Kd7 57. Rf7+ Ke6 58. Rf3 Rec2 59. Nf4+ Ke5 60. Ng6+ Kd4 61. Rf4+ Kc3 62. Ne7 a5 63. bxa6 bxa6 64. Nd5+ Kb3 65. Rf3+ Ka4 66. Nc3+ Kb4 67. Nxa2+ Rxa2 68. Rf4 a5 69. g4 Re2 70. g5 Re5 71. Rg4 a4 72. g6 Re8 73. Kf3 a3 74. g7 Rg8 75. Rg1 a2 76. Ke4 Rxg7 77. Ra1 Kb3 78. Kd5 Rg6 79. f4 Kb2 80. Rxa2+ Kxa2 81. f5 Rf6 82. Ke4 Kb3 83. Kd5 Kb4 84. Kc6 Kxc4 85. Kd7 d5 86. Ke7 Rxf5 0-1

[Event "Wch U16 Girls blitz"]
[Site "Terme Catez"]
[Date "2024.12.16"]
[Round "19"]
[White "Maria, Lia Alexandra"]
[Black "Kovacs, Reka"]
[Result "1/2-1/2"]
[WhiteElo "1852"]
[BlackElo "1822"]
[PlyCount "47"]
[EventDate "2024.12.16"]
[EventType "swiss (blitz)"]
[EventRounds "22"]
[EventCountry "SLO"]
[SourceTitle "CB51_2024"]
[SourceDate "2024.12.18"]
[SourceVersion "1"]
[SourceVersionDate "2024.12.18"]
[SourceQuality "1"]

1. e4 e5 2. Nf3 Nc6 3. Bb5 a6 4. Ba4 Nf6 5. d3 b5 6. Bb3 Be7 7. 0-0 0-0 8. c3 d5 9. exd5 Nxd5 10. h3 Bf6 11. Nbd2 Nf4 12. Ne4 Qxd3 13. Nxf6+ gxf6 14. Bxf4 Qxd1 15. Raxd1 exf4 16. Bd5 Bb7 17. Nh4 Rad8 18. Nf5 Na5 19. Nh6+ Kg7 20. Nf5+ Kg8 21. Nh6+ Kg7 22. Nf5+ Kg8 23. Nh6+ Kg7 24. Nf5+ 1/2-1/2

[Event "Wch U16 Girls blitz"]
[Site "Terme Catez"]
[Date "2024.12.16"]
[Round "1"]
[White "Szczotka, Klara"]
[Black "Kovacs, Reka"]
[Result "0-1"]
[WhiteElo "2076"]
[BlackElo "1822"]
[PlyCount "76"]
[EventDate "2024.12.16"]
[EventType "swiss (blitz)"]
[EventRounds "22"]
[EventCountry "SLO"]
[SourceTitle "CB51_2024"]
[SourceDate "2024.12.18"]
[SourceVersion "1"]
[SourceVersionDate "2024.12.18"]
[SourceQuality "1"]

1. d4 f5 2. Bg5 g6 3. c4 Bg7 4. Nc3 Nf6 5. Nf3 d6 6. h4 h6 7. Bf4 c6 8. e3 0-0 9. Be2 Nbd7 10. Rc1 Qe8 11. d5 Nc5 12. Nd4 Nce4 13. Nxe4 Nxe4 14. Bf3 cxd5 15. cxd5 Qf7 16. Nb3 Bxb2 17. Rc7 Bc3+ 18. Kf1 Bg7 19. Qc2 g5 20. hxg5 hxg5 21. Bxe4 gxf4 22. Bf3 fxe3 23. fxe3 b6 24. Kf2 Ba6 25. Qd2 Rac8 26. Rxa7 Bc4 27. Ra4 Bxb3 28. axb3 Rc5 29. Rah4 Rfc8 30. Kg1 Rc1+ 31. Kh2 Rxh1+ 32. Kxh1 Qf6 33. Qf2 Rc1+ 34. Kh2 Qe5+ 35. Qg3 Rh1+ 36. Kxh1 Qxg3 37. Rc4 Qe1+ 38. Kh2 Be5+ 0-1

[Event "Wch U16 Girls rapid"]
[Site "Terme Catez"]
[Date "2024.12.15"]
[Round "8"]
[White "Sekova, Olivia"]
[Black "Kovacs, Reka"]
[Result "1-0"]
[WhiteElo "1997"]
[BlackElo "1750"]
[PlyCount "157"]
[EventDate "2024.12.14"]
[EventType "swiss (rapid)"]
[EventRounds "11"]
[EventCountry "SLO"]
[SourceTitle "CB51_2024"]
[SourceDate "2024.12.18"]
[SourceVersion "1"]
[SourceVersionDate "2024.12.18"]
[SourceQuality "1"]

1. e4 e5 2. Nf3 Nc6 3. Bb5 a6 4. Ba4 Nf6 5. Bxc6 dxc6 6. d3 Bd6 7. Nbd2 Be6 8. Ng5 Bg4 9. Ngf3 Be6 10. Ng5 Qd7 11. Nxe6 Qxe6 12. Qe2 0-0 13. Nc4 b5 14. Ne3 Nd7 15. 0-0 g6 16. c3 f5 17. exf5 gxf5 18. Qh5 Qg6 19. Qxg6+ hxg6 20. Nc2 Rab8 21. Bd2 Nc5 22. d4 Ne4 23. Bh6 Rf7 24. f3 Nf6 25. dxe5 Bxe5 26. Nb4 Rb6 27. Be3 c5 28. Bxc5 Re6 29. Rfe1 Nd7 30. Bf2 c5 31. Nd3 c4 32. Nb4 a5 33. Nd5 Rd6 34. Rad1 Bf6 35. Nxf6+ Rfxf6 36. Bd4 Rfe6 37. Kf2 Kf7 38. Rxe6 Kxe6 39. Re1+ Kf7 40. Kg3 Nf6 41. Kf2 Nd5 42. g3 Rd7 43. Re5 b4 44. a3 bxc3 45. bxc3 a4 46. h4 f4 47. g4 Rd8 48. h5 gxh5 49. Rxh5 Ne3 50. Ke2 Rb8 51. Bxe3 fxe3 52. Rc5 Rb3 53. Rxc4 Rxa3 54. Kxe3 Ra1 55. Rc6 a3 56. Ra6 a2 57. Kf4 Ke7 58. c4 Kd7 59. c5 Kc7 60. c6 Kd6 61. g5 Rc1 62. Rxa2 Rc4+ 63. Kf5 Rc5+ 64. Kg6 Ke5 65. Ra4 Rxc6+ 66. Kh5 Rc3 67. Kg4 Rc1 68. Re4+ Kd6 69. g6 Rg1+ 70. Kf5 Kd5 71. Re8 Kd6 72. f4 Kd7 73. Rh8 Ke7 74. Rh7+ Kf8 75. Kf6 Kg8 76. f5 Rf1 77. Rc7 Re1 78. Rc8+ Re8 79. Rxe8# 1-0

[Event "HUN-ch U20"]
[Site "Szolnok"]
[Date "2024.04.01"]
[Round "1"]
[White "Toth, Timea2"]
[Black "Kovacs, Reka"]
[Result "0-1"]
[WhiteElo "1978"]
[BlackElo "1855"]
[PlyCount "132"]
[EventDate "2024.03.31"]
[EventType "swiss"]
[EventRounds "9"]
[EventCountry "HUN"]
[SourceTitle "CBM 219 Extra"]
[Source "ChessBase"]
[SourceDate "2024.05.31"]
[SourceVersion "1"]
[SourceVersionDate "2024.05.31"]
[SourceQuality "1"]

1. e4 e5 2. Nf3 Nc6 3. d4 exd4 4. Nxd4 Nf6 5. Nxc6 bxc6 6. e5 Qe7 7. Qe2 Nd5 8. c4 Ba6 9. b3 g6 10. Bb2 Bg7 11. g3 0-0 12. Bg2 Rae8 13. 0-0 Bxe5 14. Bxd5 cxd5 15. Nc3 Bxc3 16. Qxe7 Rxe7 17. Bxc3 dxc4 18. Rfc1 Re4 19. Rd1 Bb5 20. a4 Bc6 21. bxc4 Rxc4 22. Be5 d6 23. Bd4 Bxa4 24. Rd2 a6 25. Be3 Bb5 26. Bh6 Re8 27. Be3 Ra8 28. Ra5 Ra4 29. Rxa4 Bxa4 30. Ra2 Bb5 31. Bf4 Rd8 32. Rd2 Re8 33. Rc2 Re7 34. Bg5 Re5 35. Bf4 Rc5 36. Rxc5 dxc5 37. Bxc7 f6 38. Bd6 c4 39. Bb4 Kf7 40. Kf1 Ke6 41. Ke1 Kd5 42. Kd2 Ke4 43. Kc3 Kf3 44. Bc5 g5 45. Be7 Kxf2 46. Bxf6 g4 47. Kb4 Kg2 48. Bh4 Kxh2 49. Kc3 Kg2 50. Kb4 Kf3 51. Kc3 a5 52. Kb2 Ke2 53. Bg5 Kd3 54. Bf6 a4 55. Be5 h5 56. Bf6 Ke4 57. Be7 Kd3 58. Bf6 Bd7 59. Bg7 h4 60. gxh4 g3 61. Be5 g2 62. Bh2 c3+ 63. Kc1 a3 64. Kb1 c2+ 65. Kc1 a2 66. Kb2 c1Q+ 0-1

[Event "HUN-chT2 Breyer 2324"]
[Site "Hungary"]
[Date "2024.03.03"]
[Round "5.9"]
[White "Szekacs, Mark"]
[Black "Kovacs, Reka"]
[Result "0-1"]
[WhiteElo "2020"]
[BlackElo "1855"]
[PlyCount "76"]
[EventDate "2023.10.08"]
[EventType "team-tourn"]
[EventRounds "9"]
[EventCountry "HUN"]
[SourceTitle "EXT 2025"]
[Source "ChessBase"]
[SourceDate "2024.10.14"]
[SourceVersion "1"]
[SourceVersionDate "2024.10.14"]
[SourceQuality "1"]
[WhiteTeam "Barcza BEAC"]
[BlackTeam "Naszaly Geniusz Tata"]
[WhiteTeamCountry "HUN"]
[BlackTeamCountry "HUN"]

1. e4 e5 2. Nc3 Nf6 3. Bc4 Nc6 4. d3 Bb4 5. Nge2 Na5 6. 0-0 0-0 7. a3 Bxc3 8. Nxc3 Nxe4 9. Nxe4 d5 10. Ba2 dxe4 11. dxe4 Qe7 12. Qh5 Kh8 13. Be3 b6 14. f4 Ba6 15. Rf2 Rae8 16. f5 f6 17. Re1 Bc4 18. Bxc4 Nxc4 19. Bc1 Qf7 20. Qh4 Rd8 21. Rf3 Nd2 22. Rg3 Rd7 23. b3 Qe7 24. Rh3 h6 25. Rd3 Rxd3 26. cxd3 Nxb3 27. Bxh6 gxh6 28. Qxh6+ Kg8 29. Re3 Rf7 30. Rh3 Rh7 31. Rg3+ Rg7 32. Rg6 Qc5+ 33. d4 Qxd4+ 34. Kf1 Qd3+ 35. Ke1 Qxe4+ 36. Kd1 Qb1+ 37. Ke2 Nd4+ 38. Kf2 Qxf5+ 0-1

[Event "HUN-ch U16/18 Girls"]
[Site "Buek"]
[Date "2023.06.21"]
[Round "3"]
[White "Kovacs, Reka"]
[Black "Vilics, Hanna"]
[Result "1/2-1/2"]
[WhiteElo "1856"]
[BlackElo "1809"]
[PlyCount "96"]
[EventDate "2023.06.17"]
[EventType "swiss"]
[EventRounds "9"]
[EventCountry "HUN"]
[SourceTitle "CBM 215 Extra"]
[Source "ChessBase"]
[SourceDate "2023.09.30"]
[SourceVersion "1"]
[SourceVersionDate "2023.09.30"]
[SourceQuality "1"]

1. e4 d5 2. exd5 Qxd5 3. Nc3 Qd6 4. d4 Nf6 5. Nf3 a6 6. g3 Bg4 7. h3 Qe6+ 8. Be3 Bh5 9. d5 Qd6 10. Bg2 Nbd7 11. Bf4 e5 12. dxe6 Qxe6+ 13. Qe2 Qxe2+ 14. Nxe2 0-0-0 15. 0-0-0 Ne4 16. g4 Bg6 17. Be3 Bc5 18. Nfd4 Rhe8 19. Nf4 Ndf6 20. Rhe1 Nd5 21. Nxd5 Rxd5 22. c4 Rd7 23. f4 Bxd4 24. Bxd4 f5 25. Bxe4 Rxe4 26. Rxe4 fxe4 27. f5 Be8 28. Be3 Rxd1+ 29. Kxd1 Kd7 30. Bd4 g6 31. f6 Ke6 32. Kd2 b6 33. Ke3 Bc6 34. Kf4 h6 35. h4 Bb7 36. Be5 c5 37. g5 h5 38. Bc7 b5 39. b3 bxc4 40. bxc4 Bc6 41. Bb6 Bb7 42. Bxc5 Bc6 43. Be3 Bb7 44. c5 Bc6 45. f7 Kxf7 46. Ke5 Ke7 47. a3 Bb7 48. Bd4 Bc6 1/2-1/2

[Event "HUN-chT U18"]
[Site "Budapest"]
[Date "2022.11.01"]
[Round "2.6"]
[White "Kovacs, Reka"]
[Black "Koran, Katalin Anna"]
[Result "1-0"]
[WhiteElo "1781"]
[BlackElo "1195"]
[PlyCount "69"]
[EventDate "2022.10.31"]
[EventType "team-swiss"]
[EventRounds "7"]
[EventCountry "HUN"]
[SourceTitle "CBM 211 Extra"]
[Source "ChessBase"]
[SourceDate "2023.01.31"]
[SourceVersion "1"]
[SourceVersionDate "2023.01.31"]
[SourceQuality "1"]
[WhiteTeam "Geniusz Tata"]
[BlackTeam "Tapolca VSE"]
[WhiteTeamCountry "HUN"]
[BlackTeamCountry "HUN"]

1. e4 c5 2. Nf3 e6 3. d4 cxd4 4. Nxd4 Nc6 5. c4 d6 6. Be2 Nf6 7. Nc3 g6 8. 0-0 Bg7 9. Be3 0-0 10. Nc2 a6 11. Qd2 Re8 12. Rfd1 Bf8 13. f3 Qc7 14. Rac1 Ne5 15. Na3 b6 16. Bf1 Rd8 17. Qf2 Rb8 18. h3 Nh5 19. f4 Nc6 20. Nd5 exd5 21. cxd5 Bd7 22. dxc6 Bxc6 23. Qc2 Rbc8 24. Bxa6 Ra8 25. Bb5 Qe7 26. Bxc6 Rab8 27. Qf2 Bg7 28. Nb5 h6 29. Bxb6 Rf8 30. Bd5 Nf6 31. Rc7 Qe8 32. Nxd6 Qa4 33. b3 Qa3 34. Nxf7 Kh7 35. Bc5 1-0

[Event "HUN-chT2 Breyer 2223"]
[Site "Hungary"]
[Date "2022.10.30"]
[Round "2.8"]
[White "Kosa, Andras Jozsef"]
[Black "Kovacs, Reka"]
[Result "1-0"]
[WhiteElo "1723"]
[BlackElo "1781"]
[PlyCount "117"]
[EventDate "2022.10.16"]
[EventType "team-tourn"]
[EventRounds "11"]
[EventCountry "HUN"]
[SourceTitle "EXT 2025"]
[Source "ChessBase"]
[SourceDate "2024.10.14"]
[SourceVersion "1"]
[SourceVersionDate "2024.10.14"]
[SourceQuality "1"]
[WhiteTeam "Nyergesujfalu"]
[BlackTeam "Naszaly Geniusz Tata"]
[WhiteTeamCountry "HUN"]
[BlackTeamCountry "HUN"]

1. e4 e5 2. Nc3 Nf6 3. f4 d5 4. fxe5 Nxe4 5. Qf3 Nxc3 6. bxc3 Be7 7. d4 Be6 8. Bd3 c5 9. Ne2 Nc6 10. 0-0 0-0 11. Qh5 g6 12. Qh6 Re8 13. Nf4 Bf8 14. Nxe6 Bxh6 15. Nxd8 Bxc1 16. Raxc1 Raxd8 17. Bb5 Re6 18. Rcd1 cxd4 19. cxd4 Nb4 20. c4 a6 21. cxd5 Nxd5 22. Bc4 Ne3 23. Bxe6 fxe6 24. Rd2 Nxf1 25. Kxf1 Kf7 26. Ke2 Ke7 27. Kd3 Rc8 28. Rf2 Rc6 29. h4 Rc7 30. g4 Rc1 31. h5 g5 32. Rf6 Rg1 33. Rh6 Rg3+ 34. Ke2 Rxg4 35. Rxh7+ Kf8 36. Rxb7 Rh4 37. Rb6 Rxh5 38. Rxe6 Rh2+ 39. Kf3 Rxa2 40. Kg4 Rg2+ 41. Kf5 Rd2 42. Rxa6 Rxd4 43. Kxg5 Ke7 44. Kf5 Rd7 45. Rh6 Rd1 46. Rh7+ Kf8 47. Ke6 Kg8 48. Rd7 Ra1 49. Rd8+ Kg7 50. Ke7 Kg6 51. e6 Kg7 52. Rd7 Kg6 53. Rd2 Ra6 54. Rf2 Kg7 55. Rg2+ Kh6 56. Kf7 Ra3 57. Rf2 Rg3 58. e7 Rg7+ 59. Kf8 1-0